[Event "In memory of Boby Fisher"]
[Site "SchemingMind.com"]
[Date "2008.01.25"]
[Round "-"]
[White "St.Alfonzo"]
[Black "smothered mate"]
[Result "0-1"]
[WhiteCountry "CAN"]
[BlackCountry "POL"]
[WhiteElo "1163"]
[WhiteRD "81"]
[BlackElo "1964"]
[BlackRD "53"]
[GameID "138976"]

1. e4 e5 2. Nf3 d6 3. Bb5+ c6 4. Ba4 Nf6 5. O-O Be7 6. Re1 O-O 7. b3 b5 8. Bxb5 cxb5 9. Nc3 Qb6 10. d4 Nbd7
0-1

[Event "In memory of Boby Fisher"]
[Site "SchemingMind.com"]
[Date "2008.01.25"]
[Round "-"]
[White "Schaakmaatje"]
[Black "smothered mate"]
[Result "0-1"]
[WhiteCountry "NED"]
[BlackCountry "POL"]
[WhiteElo "1746"]
[WhiteRD "45"]
[BlackElo "1947"]
[BlackRD "57"]
[GameID "138977"]

1. d4 Nf6 2. Bg5 Ne4 3. Bh4 c5 4. f3 Qa5+ 5. c3 g5 6. fxe4 gxh4 7. e3 Bh6 8. Kf2 Qb6 9. Qb3 Qf6+ 10. Nf3 Nc6
11. Qd5 cxd4 12. cxd4 e6 13. e5 Bxe3+ 14. Kxe3 Qh6+ 15. Kf2 exd5
0-1

[Event "In memory of Boby Fisher"]
[Site "SchemingMind.com"]
[Date "2008.01.25"]
[Round "-"]
[White "Fred Fanelli"]
[Black "smothered mate"]
[Result "0-1"]
[WhiteCountry "USA"]
[BlackCountry "POL"]
[WhiteElo "1658"]
[WhiteRD "64"]
[BlackElo "1964"]
[BlackRD "53"]
[GameID "138978"]

1. c4 e5 2. Nc3 Nf6 3. Nf3 e4 4. Ng5 b5 5. cxb5 d5 6. e3 h6 7. Nh3 Bd6 8. d3 Bg4 9. Be2 Bxh3 10. gxh3 Qe7
11. dxe4 dxe4 12. Nd5 Qe5 13. Nc3 Nbd7 14. f4 exf3 15. Bxf3 Rd8 16. Qd4 Qf5 17. Bg4 Qg5 18. Kd1 Ne5 19. Rg1 Nexg4 20. e4 Nf2+
21. Qxf2 Qxg1+ 22. Qxg1 Bxh2+ 23. Kc2 Bxg1 24. e5 Nd5
0-1

[Event "In memory of Boby Fisher"]
[Site "SchemingMind.com"]
[Date "2008.01.25"]
[Round "-"]
[White "mmccaffe"]
[Black "smothered mate"]
[Result "0-1"]
[WhiteCountry "USA"]
[BlackCountry "POL"]
[WhiteElo "1560"]
[WhiteRD "54"]
[BlackElo "1947"]
[BlackRD "57"]
[GameID "138979"]

1. e4 c5 2. Nf3 d6 3. d4 cxd4 4. Nxd4 Nf6 5. Nc3 g6 6. Be3 Bg7 7. Bc4 O-O 8. f3 Nc6 9. Qd2 Bd7 10. O-O-O Ne5
11. Bb3 b5 12. h4 a5 13. Ndxb5 Bxb5 14. h5 Nc4 15. Bxc4 Bxc4 16. hxg6 hxg6 17. Bh6 Bh8 18. Bg5 Nh5 19. Rxh5 gxh5 20. Bh6 f6
21. g4 h4 22. g5 Bf7 23. gxf6 Bxf6
0-1

[Event "In memory of Boby Fisher"]
[Site "SchemingMind.com"]
[Date "2008.01.26"]
[Round "-"]
[White "dtedesco"]
[Black "smothered mate"]
[Result "0-1"]
[WhiteCountry "CAN"]
[BlackCountry "POL"]
[WhiteElo "1336"]
[WhiteRD "55"]
[BlackElo "1947"]
[BlackRD "57"]
[GameID "138980"]

1. d4 d5 2. e3 c5 3. dxc5 e5 4. b3 Bxc5 5. c3 Nf6 6. Nf3 Bg4 7. Be2 Nc6 8. Bb2 O-O 9. Nbd2 e4 10. c4 exf3
11. Bxf3 Bxf3 12. Qxf3 Ne5 13. Qf5 Neg4 14. O-O-O Qa5 15. a3 Bxa3 16. Kc2 Bb4 17. Nf3 dxc4 18. Qxa5 cxb3+
0-1

[Event "In memory of Boby Fisher"]
[Site "SchemingMind.com"]
[Date "2008.01.26"]
[Round "-"]
[White "Evans, Stan"]
[Black "smothered mate"]
[Result "0-1"]
[WhiteCountry "USA"]
[BlackCountry "POL"]
[WhiteElo "1671"]
[WhiteRD "153"]
[BlackElo "1947"]
[BlackRD "57"]
[GameID "138982"]

1. e4 e6 2. d4 d5 3. e5 c5 4. c3 Nc6 5. Nf3 Qb6 6. Be2 Bd7 7. O-O f6 8. Na3 a6 9. Nc2 Qc7 10. Bf4 O-O-O
11. Qd2 f5 12. dxc5 Bxc5 13. b4 Be7 14. b5 axb5 15. Bxb5 h6 16. a4 g5 17. Bxc6 Bxc6 18. Be3 f4 19. Bd4 g4 20. Nfe1 Bg5
21. f3 Ne7 22. Qd3 h5 23. Nb4 Nf5 24. Nec2 Nh4 25. fxg4 hxg4 26. Nxc6 Qxc6 27. Nb4 Qc7 28. a5 Nf5 29. Bb6 Qh7 30. Bxd8 f3
31. Bxg5 Qxh2+ 32. Kf2 Qg3+ 33. Kg1 Qxg2#
0-1

[Event "In memory of Boby Fisher"]
[Site "SchemingMind.com"]
[Date "2008.01.26"]
[Round "-"]
[White "Archon"]
[Black "St.Alfonzo"]
[Result "1-0"]
[WhiteCountry "CAN"]
[BlackCountry "CAN"]
[WhiteElo "1776"]
[WhiteRD "57"]
[BlackElo "1163"]
[BlackRD "81"]
[GameID "139054"]

1. Nf3 Nc6 2. d4 e6 3. c4 Bb4+ 4. Nc3 Bxc3+ 5. bxc3 Na5 6. e3 Nf6 7. Bd3 b6 8. Qe2 Bb7 9. O-O Qe7 10. a4 O-O-O
11. Ba3 Qe8 12. c5 bxc5 13. Bxc5 Nb3 14. Bxa7 Nxa1 15. Ba6 c6 16. Rxa1
1-0

[Event "In memory of Boby Fisher"]
[Site "SchemingMind.com"]
[Date "2008.01.26"]
[Round "-"]
[White "Archon"]
[Black "smothered mate"]
[Result "0-1"]
[WhiteCountry "CAN"]
[BlackCountry "POL"]
[WhiteElo "1790"]
[WhiteRD "54"]
[BlackElo "1947"]
[BlackRD "57"]
[GameID "139055"]

1. Nf3 g6 2. e4 Bg7 3. d4 d5 4. e5 c5 5. dxc5 Qa5+ 6. Nc3 e6 7. Be3 Nc6 8. Bd4 Nge7 9. Bb5 O-O 10. Bxc6 bxc6
11. O-O Nf5 12. Qd2 Ba6 13. Rfe1 Rab8 14. Rab1 Bh6 15. Qd1 Nxd4 16. Qxd4 Rb4 17. Qd1 Rfb8 18. Nd4 Qxc5 19. Nb3 Qb6 20. g3 Qd8
21. f4 Bf8 22. a3 R4b7 23. Qf3 c5 24. Qf2 d4 25. Ne4 Rxb3 26. cxb3 Rxb3 27. Red1 Bd3 28. Rxd3 Rxd3 29. Nf6+ Kg7 30. Qf1 c4
31. Qh3 h6 32. Qh4 Be7 33. g4 c3 34. g5 h5 35. Nxh5+ gxh5 36. Qxh5 Qh8 37. Qg4 Qh3 38. Qxh3 Rxh3 39. Kg2 c2 40. Rc1 d3
0-1

[Event "In memory of Boby Fisher"]
[Site "SchemingMind.com"]
[Date "2008.01.28"]
[Round "-"]
[White "Archon"]
[Black "Schaakmaatje"]
[Result "0-1"]
[WhiteCountry "CAN"]
[BlackCountry "NED"]
[WhiteElo "1776"]
[WhiteRD "57"]
[BlackElo "1755"]
[BlackRD "46"]
[GameID "139056"]

1. Nf3 d5 2. c4 c6 3. g3 g6 4. Bg2 Bg7 5. Qa4 Nf6 6. cxd5 Nxd5 7. O-O O-O 8. d4 Na6 9. e4 Nb6 10. Qd1 Nc7
11. Be3 Nc4 12. Nc3 Nxe3 13. fxe3 Bg4 14. Qc2 Bxf3 15. Bxf3 e5 16. Rad1 Qe7 17. Rfe1 Rad8 18. Ne2 Nb5 19. a4 Nd6 20. Bg2 Kh8
21. Bh3 Qg5 22. Nc3 Nc4 23. Rd3 exd4 24. exd4 Bxd4+ 25. Kh1 Rfe8 26. Nd5 cxd5 27. Rxd4 Nb6 28. Qc3 Kg8 29. Bg2 dxe4 30. Rexe4 Rxe4
31. Rxe4 Nd5 32. Qd4 Nf4 33. Qf2 Nd3 34. Qc2 Nxb2
0-1

[Event "In memory of Boby Fisher"]
[Site "SchemingMind.com"]
[Date "2008.01.26"]
[Round "-"]
[White "Archon"]
[Black "Fred Fanelli"]
[Result "1-0"]
[WhiteCountry "CAN"]
[BlackCountry "USA"]
[WhiteElo "1776"]
[WhiteRD "57"]
[BlackElo "1658"]
[BlackRD "64"]
[GameID "139057"]

1. Nf3 d5 2. c4 Nf6 3. g3 Nc6 4. cxd5 Nxd5 5. Bg2 e6 6. O-O Bc5 7. Nc3 O-O 8. d3 Nde7 9. a3 Bd7 10. b4 Bd6
11. Bb2 h6 12. Ne4 e5 13. Rc1 a6 14. Nc5 b6 15. Nxd7 Qxd7 16. Qc2 Rac8 17. Qb1 f6 18. Qa2+ Kh8 19. Rc2 Nf5 20. Bh3 Nce7
21. e4 Rfd8 22. exf5 Qe8 23. Nh4 Qg8 24. Qa1 Qd5 25. Ng6+ Kg8 26. Qd1 c5 27. bxc5 bxc5 28. Rc4 Qb7 29. Bc1 Nc6 30. Bg2 Qf7
31. Rh4 Nd4 32. Qh5
1-0

[Event "In memory of Boby Fisher"]
[Site "SchemingMind.com"]
[Date "2008.01.26"]
[Round "-"]
[White "Archon"]
[Black "mmccaffe"]
[Result "1-0"]
[WhiteCountry "CAN"]
[BlackCountry "USA"]
[WhiteElo "1790"]
[WhiteRD "54"]
[BlackElo "1560"]
[BlackRD "54"]
[GameID "139058"]

1. Nf3 Nf6 2. c4 g6 3. b4 Bg7 4. Bb2 O-O 5. g3 d6 6. Bg2 e5 7. d3 a5 8. a3 axb4 9. axb4 Rxa1 10. Bxa1 Nc6
11. Nc3 Nh5 12. O-O f5 13. Nd5 f4 14. e3 fxe3 15. fxe3 Bg4 16. Qb3 Bh6 17. c5 Kh8 18. d4 e4 19. Nd2 Rxf1+ 20. Nxf1 Bf3
21. Nf4 Nxf4 22. exf4 Bxg2 23. d5+ Bg7 24. Bxg7+ Kxg7 25. Kxg2 dxc5 26. dxc6
1-0

[Event "In memory of Boby Fisher"]
[Site "SchemingMind.com"]
[Date "2008.01.26"]
[Round "-"]
[White "Archon"]
[Black "dtedesco"]
[Result "1-0"]
[WhiteCountry "CAN"]
[BlackCountry "CAN"]
[WhiteElo "1790"]
[WhiteRD "54"]
[BlackElo "1336"]
[BlackRD "55"]
[GameID "139059"]

1. Nf3 d6 2. d4 d5 3. g3 e6 4. Bg2 Nf6 5. O-O h6 6. c4 dxc4 7. Qa4+ Bd7 8. Qxc4 Bd6 9. Nc3 Nc6 10. Qb3 Na5
11. Qc2 Qe7 12. Ne5 Bxe5 13. dxe5 Ng4 14. Qe4 f5 15. Qf3 O-O-O 16. Bd2 Nxe5 17. Qf4 Nac6 18. e4 Rhf8 19. exf5 Nd3 20. Qe4 Nxb2
21. fxe6 Bxe6 22. Rae1 Rxd2 23. Qxe6+ Rd7 24. Qb3 Rd3 25. Rxe7 Nxe7 26. Qxb2 c6 27. Rb1 b6 28. Rd1 Rfd8 29. Rxd3 Rxd3 30. Ne4 Rd1+
31. Bf1 Re1 32. Qe5 Nd5 33. Nd6+ Kd7 34. Qxe1 Kxd6 35. Bh3
1-0

[Event "In memory of Boby Fisher"]
[Site "SchemingMind.com"]
[Date "2008.01.26"]
[Round "-"]
[White "Archon"]
[Black "Evans, Stan"]
[Result "1/2-1/2"]
[WhiteCountry "CAN"]
[BlackCountry "USA"]
[WhiteElo "1776"]
[WhiteRD "57"]
[BlackElo "1792"]
[BlackRD "101"]
[GameID "139061"]

1. Nf3 Nc6 2. d4 d5 3. g3 Bg4 4. Bg2 e6 5. O-O Nf6 6. c4 Bd6 7. b3 O-O 8. Bb2 Ne4 9. Nbd2 f5 10. Ne5 Bh5
11. Nxc6 bxc6 12. Nf3 f4 13. Ne5 Qe8 14. Nd3 fxg3 15. hxg3 Qg6 16. Ne5 Bxe5 17. dxe5 Nxg3 18. fxg3 Qxg3 19. Qe1 Rxf1+ 20. Qxf1 Rf8
21. Qe1 Qe3+ 22. Kh1 Rf2 23. Qg1 Bxe2 24. Re1 Qh6+ 25. Qh2 Qxh2+ 26. Kxh2 Bxc4 27. Bc3 Bd3 28. a4 Be4 29. Rg1 Bxg2 30. Rxg2 Rxg2+
31. Kxg2 c5 32. Kg3 d4 33. Bd2 Kf7 34. Kf4 Kg6 35. Ba5 h5 36. Bxc7 d3 37. Ba5 h4 38. Kg4 h3 39. Kxh3 Kf5 40. Bc3 Ke4
41. Bd2 g6 42. Kg3 Kxe5 43. Kf3 Kd4 44. Kf4 e5+ 45. Kf3 e4+ 46. Kf2 a6 47. a5 c4 48. bxc4 Kxc4 49. Ke3 Kd5 50. Be1 g5
51. Bd2 Ke5 52. Bc1 g4 53. Bb2+ Kf5 54. Bd4 g3 55. Bc3 g2 56. Kf2 g1=Q+ 57. Kxg1 Kf4 58. Kf2 e3+ 59. Ke1 Kf3 60. Bb4 d2+
61. Bxd2 exd2+ 62. Kxd2 Ke4= 63. Kc3 Kd5 64. Kb4 Kc6=
1/2-1/2

[Event "In memory of Boby Fisher"]
[Site "SchemingMind.com"]
[Date "2008.01.26"]
[Round "-"]
[White "St.Alfonzo"]
[Black "Archon"]
[Result "0-1"]
[WhiteCountry "CAN"]
[BlackCountry "CAN"]
[WhiteElo "1163"]
[WhiteRD "81"]
[BlackElo "1776"]
[BlackRD "57"]
[GameID "139062"]

1. e4 d6 2. Nf3 g6 3. Bb5+ c6 4. Ba4 Bg7 5. O-O Nf6 6. c3 Nxe4 7. d3 Nf6 8. Qb3 O-O 9. Qb4 c5 10. Qh4 Nbd7
11. Bh6 Ne5 12. Bxg7 Kxg7 13. Ng5 Rh8 14. f4 Nxd3 15. Na3 Nxb2
0-1

[Event "In memory of Boby Fisher"]
[Site "SchemingMind.com"]
[Date "2008.01.26"]
[Round "-"]
[White "smothered mate"]
[Black "Archon"]
[Result "1-0"]
[WhiteCountry "POL"]
[BlackCountry "CAN"]
[WhiteElo "1947"]
[WhiteRD "57"]
[BlackElo "1790"]
[BlackRD "54"]
[GameID "139063"]

1. e4 d6 2. f4 g6 3. Nf3 Bg7 4. g3 Nf6 5. d3 O-O 6. Bg2 Nbd7 7. O-O e6 8. e5 dxe5 9. fxe5 Nd5 10. Bg5 Qe8
11. Qe1 h6 12. Bd2 c5 13. Nc3 Nb4 14. Rc1 Rb8 15. a3 Nc6 16. Ne4 Qe7 17. g4 b6 18. g5 h5 19. Nf6+ Bxf6 20. gxf6 Qd8
21. Qe3 Nxf6 22. exf6 Qxf6 23. Bc3 e5 24. Nxe5 Qe6 25. Bxc6
1-0

[Event "In memory of Boby Fisher"]
[Site "SchemingMind.com"]
[Date "2008.01.28"]
[Round "-"]
[White "Schaakmaatje"]
[Black "Archon"]
[Result "1-0"]
[WhiteCountry "NED"]
[BlackCountry "CAN"]
[WhiteElo "1755"]
[WhiteRD "46"]
[BlackElo "1776"]
[BlackRD "57"]
[GameID "139064"]

1. e4 d6 2. Nc3 g6 3. d4 Nf6 4. f4 Bg7 5. Nf3 O-O 6. Be2 c5 7. O-O cxd4 8. Nxd4 Nc6 9. Be3 Bd7 10. Qd2 Rc8
11. Bf3 Na5 12. Kh1 Nc4 13. Qc1 Nxe3 14. Qxe3 e6 15. Rad1 Qb6 16. Qe2 Rxc3 17. bxc3 Rc8 18. e5 dxe5 19. fxe5 Ne8 20. Qf2 Rxc3
21. Rb1 Qc5 22. Rxb7 Ba4 23. Rb8 Kf8 24. Bc6 Bxc6 25. Qxf7#
1-0

[Event "In memory of Boby Fisher"]
[Site "SchemingMind.com"]
[Date "2008.01.26"]
[Round "-"]
[White "Fred Fanelli"]
[Black "Archon"]
[Result "0-1"]
[WhiteCountry "USA"]
[BlackCountry "CAN"]
[WhiteElo "1658"]
[WhiteRD "64"]
[BlackElo "1776"]
[BlackRD "57"]
[GameID "139065"]

1. c4 e5 2. Nc3 d6 3. Nf3 f5 4. d3 Nf6 5. Bg5 Be7 6. Bxf6 Bxf6 7. Nd5 Nc6 8. e3 Be6 9. Nc3 O-O 10. Be2 Qd7
11. O-O Rae8 12. Nd2 Bd8 13. f4 g5 14. fxg5 Bxg5 15. e4 f4 16. Nf3 Bd8 17. Nd5 Kh8 18. Qe1 Rg8 19. Rd1 Bh3 20. Rf2 Qg7
21. Qf1 Re6 22. Kh1 Bg4 23. Ne1 Bxe2 24. Rxe2 Nd4 25. Red2 Bh4 26. Nf3 Nxf3 27. Qxf3 Rh6 28. Rg1 Bg3 29. h3 Qd7 30. Rc1 Rxh3+
31. gxh3 Qxh3+ 32. Kg1 Bf2+ 33. Kxf2 Qh2+
0-1

[Event "In memory of Boby Fisher"]
[Site "SchemingMind.com"]
[Date "2008.01.26"]
[Round "-"]
[White "mmccaffe"]
[Black "Archon"]
[Result "1-0"]
[WhiteCountry "USA"]
[BlackCountry "CAN"]
[WhiteElo "1560"]
[WhiteRD "54"]
[BlackElo "1790"]
[BlackRD "54"]
[GameID "139066"]

1. e4 d6 2. d4 Nf6 3. Nc3 g6 4. f3 a6 5. Be3 Bg7 6. Qd2 Nbd7 7. O-O-O O-O 8. Bh6 c5 9. Bxg7 Kxg7 10. g4 cxd4
11. Qxd4 Kg8 12. h4 h5 13. gxh5 Nxh5 14. Nge2 Nc5 15. Bh3 Qa5 16. Bg4 Ne6 17. Qd2 Neg7 18. Bxh5 Nxh5 19. Nf4 Nxf4 20. Qxf4 Qh5
21. Nd5 e5 22. Nf6+
1-0

[Event "In memory of Boby Fisher"]
[Site "SchemingMind.com"]
[Date "2008.01.26"]
[Round "-"]
[White "dtedesco"]
[Black "Archon"]
[Result "0-1"]
[WhiteCountry "CAN"]
[BlackCountry "CAN"]
[WhiteElo "1336"]
[WhiteRD "55"]
[BlackElo "1790"]
[BlackRD "54"]
[GameID "139067"]

1. Nf3 d5 2. d4 Nf6 3. Nc3 Bf5 4. Bf4 c6 5. h3 e6 6. a3 Bd6 7. g3 Bxf4 8. gxf4 Nbd7 9. e3 Qa5 10. Bd3 Ne4
11. O-O O-O-O 12. Ne2 Bxh3 13. Re1 Rdg8 14. b4 Qd8 15. Nd2 Qh4 16. Nxe4 dxe4 17. Bxe4 g5 18. a4 gxf4+ 19. Bg2 f3 20. Nf4 Bxg2
21. Qxf3 Bxf3+
0-1

[Event "In memory of Boby Fisher"]
[Site "SchemingMind.com"]
[Date "2008.01.26"]
[Round "-"]
[White "Evans, Stan"]
[Black "Archon"]
[Result "0-1"]
[WhiteCountry "USA"]
[BlackCountry "CAN"]
[WhiteElo "1671"]
[WhiteRD "153"]
[BlackElo "1790"]
[BlackRD "54"]
[GameID "139069"]

1. e4 d6 2. d4 Nf6 3. Nc3 g6 4. f4 Bg7 5. Nf3 O-O 6. Be3 Nbd7 7. Qd2 c5 8. O-O-O Qa5 9. h3 cxd4 10. Nxd4 Nb6
11. g4 Be6 12. Nxe6 fxe6 13. Kb1 Nfd7 14. Bd3 Rac8 15. e5 Nc4 16. Bxc4 Rxc4 17. Bd4 dxe5 18. fxe5 Nxe5 19. Qe2 Rxd4 20. Rxd4 Nc6
21. Qxe6+ Kh8 22. Ra4 Qc7 23. Nd5 Qh2 24. Re1 Nd4 25. Rc4 Nf3 26. Rd1 Nd2+ 27. Kc1 Nxc4 28. Qxe7 Nxb2 29. Re1 Nc4 30. Qb4 Bh6+
31. Ne3 Nxe3 32. Qd4+ Kg8 33. Kb1 Qxc2+
0-1

[Event "In memory of Boby Fisher"]
[Site "SchemingMind.com"]
[Date "2008.01.26"]
[Round "-"]
[White "mikewharvey"]
[Black "Archon"]
[Result "0-1"]
[WhiteCountry "GBR"]
[BlackCountry "CAN"]
[WhiteElo "1573"]
[WhiteRD "74"]
[BlackElo "1776"]
[BlackRD "57"]
[GameID "139125"]

1. c4 e5 2. Nc3 d6 3. g3 f5 4. Bg2 Nf6 5. d3 Be7 6. Nf3 O-O 7. O-O Qe8 8. Nd5 Nxd5 9. cxd5 Nd7 10. Ng5 Nf6
11. Ne6 Bxe6 12. dxe6 c6 13. Qb3 Rb8 14. f4 Kh8 15. fxe5 d5 16. exf6 Bxf6 17. Bf4 Qxe6
0-1

[Event "In memory of Boby Fisher"]
[Site "SchemingMind.com"]
[Date "2008.01.26"]
[Round "-"]
[White "mikewharvey"]
[Black "smothered mate"]
[Result "0-1"]
[WhiteCountry "GBR"]
[BlackCountry "POL"]
[WhiteElo "1573"]
[WhiteRD "74"]
[BlackElo "1964"]
[BlackRD "53"]
[GameID "139126"]

1. c4 e5 2. Nc3 Nf6 3. Nf3 e4 4. Ng5 b5 5. Nxb5 h6 6. Nh3 c6 7. Nc3 d5 8. d3 Bb4 9. a3 Bxc3+ 10. bxc3 Bxh3
11. gxh3 exd3 12. Qxd3 O-O 13. cxd5 Nxd5 14. Bb2 Qb6 15. Rb1 Nd7 16. c4 Qa5+
0-1

[Event "In memory of Boby Fisher"]
[Site "SchemingMind.com"]
[Date "2008.01.28"]
[Round "-"]
[White "mikewharvey"]
[Black "Schaakmaatje"]
[Result "0-1"]
[WhiteCountry "GBR"]
[BlackCountry "NED"]
[WhiteElo "1573"]
[WhiteRD "74"]
[BlackElo "1755"]
[BlackRD "46"]
[GameID "139127"]

1. c4 e5 2. Nc3 Nf6 3. Nf3 Nc6 4. g3 d5 5. cxd5 Nxd5 6. Bg2 Be6 7. O-O Be7 8. d3 O-O 9. Bd2 f6 10. e4 Ndb4
0-1

[Event "In memory of Boby Fisher"]
[Site "SchemingMind.com"]
[Date "2008.01.26"]
[Round "-"]
[White "mikewharvey"]
[Black "Fred Fanelli"]
[Result "0-1"]
[WhiteCountry "GBR"]
[BlackCountry "USA"]
[WhiteElo "1573"]
[WhiteRD "74"]
[BlackElo "1658"]
[BlackRD "64"]
[GameID "139128"]

1. c4 e5 2. Nc3 Nf6 3. g3 d6 4. Bg2 c6 5. Nf3 Nbd7 6. O-O d5 7. cxd5 cxd5 8. d3 Bb4 9. Bd2 Bxc3 10. Bxc3 O-O
0-1

[Event "In memory of Boby Fisher"]
[Site "SchemingMind.com"]
[Date "2008.01.26"]
[Round "-"]
[White "mikewharvey"]
[Black "mmccaffe"]
[Result "0-1"]
[WhiteCountry "GBR"]
[BlackCountry "USA"]
[WhiteElo "1573"]
[WhiteRD "74"]
[BlackElo "1576"]
[BlackRD "52"]
[GameID "139129"]

1. c4 Nf6 2. Nc3 g6 3. g3 Bg7 4. Bg2 O-O 5. Nf3 d5 6. cxd5 Nxd5 7. O-O Nxc3 8. bxc3 Nc6 9. Rb1 Rb8 10. d4 Bf5
11. Rb2 e5 12. e3 exd4 13. exd4 Re8 14. Ng5 h6 15. Nh3 Be4 16. f3 Bd5
0-1

[Event "In memory of Boby Fisher"]
[Site "SchemingMind.com"]
[Date "2008.01.26"]
[Round "-"]
[White "mikewharvey"]
[Black "dtedesco"]
[Result "0-1"]
[WhiteCountry "GBR"]
[BlackCountry "CAN"]
[WhiteElo "1573"]
[WhiteRD "74"]
[BlackElo "1379"]
[BlackRD "56"]
[GameID "139130"]

1. c4 e5 2. Nc3 Bc5 3. Nf3 f6 4. d4 exd4 5. Nxd4 Bxd4 6. Qxd4 d6 7. e3 Nc6 8. Qh4 Be6 9. a3 Qe7 10. Qh5+ g6
11. Qb5 O-O-O 12. Be2 Ne5 13. Qa4 a6 14. f4 Nf7 15. b4 f5 16. O-O Nf6 17. b5 Bd7 18. Qa5 Be6 19. bxa6 b6 20. Qa4 Bd7
21. a7 Kb7 22. Qc2 g5
0-1

[Event "In memory of Boby Fisher"]
[Site "SchemingMind.com"]
[Date "2008.01.27"]
[Round "-"]
[White "mikewharvey"]
[Black "Evans, Stan"]
[Result "0-1"]
[WhiteCountry "GBR"]
[BlackCountry "USA"]
[WhiteElo "1573"]
[WhiteRD "74"]
[BlackElo "1792"]
[BlackRD "101"]
[GameID "139132"]

1. c4 c5 2. Nc3 Nc6 3. g3 g6 4. Bg2 Bg7 5. a3 d6 6. Rb1 a5 7. Nf3 e5 8. O-O Nge7 9. d3 O-O 10. Bg5 f6
11. Be3 Nf5 12. Bd2 Nfd4 13. Nxd4 Nxd4 14. Nd5 f5 15. e3 Ne6 16. b4 axb4 17. axb4 Rb8
0-1

[Event "In memory of Boby Fisher"]
[Site "SchemingMind.com"]
[Date "2008.01.27"]
[Round "-"]
[White "Archon"]
[Black "mikewharvey"]
[Result "1-0"]
[WhiteCountry "CAN"]
[BlackCountry "GBR"]
[WhiteElo "1790"]
[WhiteRD "54"]
[BlackElo "1753"]
[BlackRD "87"]
[GameID "139134"]

1. Nf3 Nf6 2. c4 g6 3. b4 a5 4. Qa4 Bg7 5. Bb2 O-O 6. a3 d5 7. e3 Bd7 8. Qc2 dxc4 9. Bxc4 b5 10. Be2 Bf5
11. d3 a4 12. O-O c6 13. Nc3 Nbd7 14. Nd4 Qc7 15. Ncxb5 Qc8 16. Nxf5 cxb5 17. Nxe7+
1-0

[Event "In memory of Boby Fisher"]
[Site "SchemingMind.com"]
[Date "2008.01.26"]
[Round "-"]
[White "smothered mate"]
[Black "mikewharvey"]
[Result "1-0"]
[WhiteCountry "POL"]
[BlackCountry "GBR"]
[WhiteElo "1964"]
[WhiteRD "53"]
[BlackElo "1573"]
[BlackRD "74"]
[GameID "139135"]

1. e4 e6 2. c4 c6 3. Nc3 d5 4. cxd5 exd5 5. d4 dxe4 6. Bc4 b5 7. Bb3 Nf6 8. Bg5 Bb4 9. Ne2 h6 10. Bh4 Bg4
11. O-O g5 12. Bg3 Nbd7 13. h3 Bh5 14. Qc2 Bg6 15. Nd1 Rc8 16. Ne3 c5 17. dxc5 Nxc5 18. Rad1 Nd3 19. Nc3
1-0

[Event "In memory of Boby Fisher"]
[Site "SchemingMind.com"]
[Date "2008.01.26"]
[Round "-"]
[White "mmccaffe"]
[Black "mikewharvey"]
[Result "1-0"]
[WhiteCountry "USA"]
[BlackCountry "GBR"]
[WhiteElo "1576"]
[WhiteRD "52"]
[BlackElo "1573"]
[BlackRD "74"]
[GameID "139138"]

1. Nf3 g6 2. d4 Nf6 3. c4 Bg7 4. Nc3 O-O 5. e4 d6 6. Be2 c5 7. d5 e6 8. Bg5 exd5 9. cxd5 h6 10. e5 dxe5
11. Bxf6 Qxf6 12. Ne4 Qb6 13. O-O f5 14. Ng3 e4 15. Nd2 Qxb2 16. Rb1 Qxa2 17. Bc4 Qa5 18. d6+
1-0

[Event "In memory of Boby Fisher"]
[Site "SchemingMind.com"]
[Date "2008.01.26"]
[Round "-"]
[White "dtedesco"]
[Black "mikewharvey"]
[Result "0-1"]
[WhiteCountry "CAN"]
[BlackCountry "GBR"]
[WhiteElo "1336"]
[WhiteRD "55"]
[BlackElo "1753"]
[BlackRD "87"]
[GameID "139139"]

1. d4 Nf6 2. Nc3 d5 3. Bf4 e6 4. Nb5 Bb4+ 5. c3 Ba5 6. Qa4 Nc6 7. Nf3 Bb6 8. Ne5 Bd7 9. Nxd7 Qxd7 10. e3 O-O
11. Na3 a6 12. h3 Ba5 13. Qc2 Rfe8 14. Bd3 e5 15. O-O-O exf4 16. exf4 b5 17. Nb1 b4 18. Nd2 bxc3 19. bxc3 Reb8 20. Rhe1 Qd6
21. g3 Qa3+ 22. Qb2 Qxb2#
0-1

[Event "In memory of Boby Fisher"]
[Site "SchemingMind.com"]
[Date "2008.01.27"]
[Round "-"]
[White "Evans, Stan"]
[Black "mikewharvey"]
[Result "1-0"]
[WhiteCountry "USA"]
[BlackCountry "GBR"]
[WhiteElo "1792"]
[WhiteRD "101"]
[BlackElo "1573"]
[BlackRD "74"]
[GameID "139141"]

1. e4 e6 2. d3 Nf6 3. g3 d5 4. Nd2 c5 5. Ngf3 Nc6 6. Bg2 Be7 7. O-O O-O 8. e5 Ng4 9. Re1 f6 10. exf6 Bxf6
11. h3 Nge5 12. Nxe5 Nxe5 13. f4 Nc6 14. Nf3 Qc7 15. Rb1 e5 16. fxe5 Nxe5 17. Nxe5 Bxe5 18. g4
1-0